[Event "GER-ch Net Amateur Gr-B Vor1"]
[Site "Playchess.com INT"]
[Date "2020.04.14"]
[Round "7"]
[White "Hoppe, Frank"]
[Black "Hartewig, Anja"]
[Result "1-0"]
[WhiteElo "1790"]
[BlackElo "1629"]
[PlyCount "51"]
[EventDate "2020.04.14"]
[EventType "swiss (blitz)"]
[EventRounds "9"]
[EventCountry "GER"]
[SourceTitle "EXT 2021"]
[Source "ChessBase"]
[SourceDate "2020.10.23"]
[SourceVersion "1"]
[SourceVersionDate "2020.10.23"]
[SourceQuality "1"]

1. e4 d6 2. d4 Nf6 3. Nc3 g6 4. f3 Bg7 5. Be3 0-0 6. Qd2 c6 7. 0-0-0 b5 8. g4 a5 9. h4 a4 10. h5 a3 11. b3 b4 12. Nce2 c5 13. dxc5 Qa5 14. cxd6 exd6 15. hxg6 fxg6 16. Qxd6 Nbd7 17. Nf4 Ra6 18. Bxa6 Bxa6 19. Ne6 Rc8 20. Nxg7 Kxg7 21. Qe7+ Kg8 22. Rxd7 Nxd7 23. Qxh7+ Kf8 24. Qxd7 Qe5 25. Bd4 Qf4+ 26. Kb1 1-0

[Event "GER-ch Net blitz qual4"]
[Site "Playchess.com INT"]
[Date "2020.03.23"]
[Round "5"]
[White "Hartewig, Anja"]
[Black "Scholz, Florian"]
[Result "0-1"]
[WhiteElo "1757"]
[BlackElo "1799"]
[PlyCount "62"]
[EventDate "2020.03.23"]
[EventType "swiss (blitz)"]
[EventRounds "9"]
[EventCountry "GER"]
[SourceTitle "CBM 195 Extra"]
[Source "ChessBase"]
[SourceDate "2020.05.31"]
[SourceVersion "1"]
[SourceVersionDate "2020.05.31"]
[SourceQuality "1"]

1. d4 Nf6 2. c4 c5 3. d5 e6 4. dxe6 fxe6 5. Nf3 d5 6. g3 Nc6 7. Bg2 Be7 8. 0-0 0-0 9. Nc3 d4 10. Nb5 a6 11. Na3 e5 12. Nc2 Bg4 13. a3 Rc8 14. h3 Bh5 15. Nh4 Bf7 16. Nf5 Bxc4 17. Nxe7+ Qxe7 18. Bg5 h6 19. Bd2 e4 20. Bf4 Nd5 21. Qc1 Nxf4 22. gxf4 Bxe2 23. Re1 Bd3 24. Qd2 Qh4 25. Bxe4 Bxe4 26. Rxe4 Qxh3 27. Rae1 Rf6 28. Re8+ Rxe8 29. Rxe8+ Kh7 30. Qd3+ Rg6+ 31. Qxg6+ Kxg6 0-1

[Event "GER-ch Net blitz qual3"]
[Site "Playchess.com INT"]
[Date "2020.03.21"]
[Round "5"]
[White "Hartewig, Anja"]
[Black "Dehn, Marcus"]
[Result "0-1"]
[WhiteElo "1757"]
[BlackElo "2098"]
[PlyCount "100"]
[EventDate "2020.03.21"]
[EventType "swiss (blitz)"]
[EventRounds "9"]
[EventCountry "GER"]
[SourceTitle "CBM 195 Extra"]
[Source "ChessBase"]
[SourceDate "2020.05.31"]
[SourceVersion "1"]
[SourceVersionDate "2020.05.31"]
[SourceQuality "1"]

1. d4 g6 2. c4 Bg7 3. Nf3 d6 4. g3 c6 5. Bg2 Nf6 6. 0-0 0-0 7. Nc3 Qa5 8. Qc2 Qh5 9. e4 Bh3 10. e5 Ne8 11. Bg5 Bxg2 12. Kxg2 f6 13. exf6 exf6 14. Bf4 g5 15. Be3 g4 16. Nh4 f5 17. Bf4 Bxd4 18. Rad1 Bf6 19. Qxf5 Qxf5 20. Nxf5 Bxc3 21. Nh6+ Kg7 22. bxc3 Rxf4 23. gxf4 Kxh6 24. Rfe1 Na6 25. Re6+ Kg7 26. Re7+ Kg6 27. Rxb7 Nc5 28. Re7 a5 29. Rde1 Nf6 30. Rc7 Ra6 31. Ree7 Rb6 32. Rg7+ Kf5 33. Rg5+ Kxf4 34. Rgg7 a4 35. Rcf7 Nce4 36. Rxh7 Rb2 37. Kg1 Rxa2 38. Rh4 a3 39. h3 Kg5 40. Rh8 Rxf2 41. hxg4 a2 42. Ra7 Rb2 43. Rha8 Nxc3 44. Ra5+ Kxg4 45. Ra3 Nfe4 46. Rg8+ Kf3 47. Rf8+ Ke3 48. Re8 Kd4 49. Rh8 Rb1+ 50. Kg2 a1Q 0-1

[Event "GER-ch Net blitz qual3"]
[Site "Playchess.com INT"]
[Date "2020.03.21"]
[Round "8"]
[White "Kesselhut, Pascal"]
[Black "Hartewig, Anja"]
[Result "0-1"]
[WhiteElo "1288"]
[BlackElo "1757"]
[PlyCount "40"]
[EventDate "2020.03.21"]
[EventType "swiss (blitz)"]
[EventRounds "9"]
[EventCountry "GER"]
[SourceTitle "CBM 195 Extra"]
[Source "ChessBase"]
[SourceDate "2020.05.31"]
[SourceVersion "1"]
[SourceVersionDate "2020.05.31"]
[SourceQuality "1"]

1. e4 d6 2. d4 Nf6 3. Nc3 g6 4. Nf3 Bg7 5. Bf4 0-0 6. Bc4 c6 7. 0-0 b5 8. Bb3 b4 9. Ne2 Nxe4 10. Qd3 Nf6 11. h3 Bf5 12. Qc4 a5 13. c3 bxc3 14. bxc3 Nd5 15. Bg5 Nb6 16. Qxf7+ Rxf7 17. Bxf7+ Kxf7 18. Rab1 Bxb1 19. Rxb1 N8d7 20. Nf4 h6 0-1

[Event "GER-ch Net blitz qual1"]
[Site "Playchess.com INT"]
[Date "2020.03.07"]
[Round "5"]
[White "Krauss, Hans Peter"]
[Black "Hartewig, Anja"]
[Result "1-0"]
[WhiteElo "2198"]
[BlackElo "1757"]
[PlyCount "119"]
[EventDate "2020.03.07"]
[EventType "swiss (blitz)"]
[EventRounds "9"]
[EventCountry "GER"]
[SourceTitle "CBM 195 Extra"]
[Source "ChessBase"]
[SourceDate "2020.05.31"]
[SourceVersion "1"]
[SourceVersionDate "2020.05.31"]
[SourceQuality "1"]

1. e4 d6 2. d4 Nf6 3. Nc3 g6 4. Nf3 Bg7 5. Bc4 0-0 6. h3 c6 7. Bb3 b5 8. a3 Bb7 9. Qe2 a6 10. e5 dxe5 11. dxe5 Nd5 12. Nxd5 cxd5 13. c3 e6 14. Bg5 Qc8 15. 0-0 Nd7 16. Qe3 Nc5 17. Bc2 Qc7 18. Bf6 Nd7 19. Bxg7 Kxg7 20. Rae1 Qc5 21. Nd4 Qe7 22. Qg3 Rac8 23. f4 Nc5 24. f5 Kg8 25. f6 Qe8 26. Qg5 Kh8 27. Qh6 Rg8 28. Rf4 Qf8 29. Qg5 Ne4 30. Bxe4 dxe4 31. Rh4 Rg7 32. fxg7+ Qxg7 33. Rf4 Rf8 34. Qf6 Qxf6 35. Rxf6 Kg7 36. Ref1 Bd5 37. Kf2 Bc4 38. Re1 Rd8 39. Ke3 Rd5 40. Kxe4 a5 41. Re3 b4 42. axb4 axb4 43. Ref3 Rd7 44. Ke3 bxc3 45. bxc3 Bd5 46. Rf2 Bb7 47. Rc2 Rd5 48. Nf3 Rc5 49. c4 Ba6 50. Kd4 Rc8 51. Ng5 Rd8+ 52. Kc5 Rd7 53. Rxf7+ Rxf7 54. Nxf7 Kxf7 55. Kd6 Bb7 56. c5 Bxg2 57. Rxg2 Ke8 58. c6 Kd8 59. Ra2 Kc8 60. Ra8# 1-0

[Event "GER-ch Net blitz qual1"]
[Site "Playchess.com INT"]
[Date "2020.03.07"]
[Round "3"]
[White "Schaefer, Erich"]
[Black "Hartewig, Anja"]
[Result "0-1"]
[WhiteElo "1279"]
[BlackElo "1757"]
[PlyCount "96"]
[EventDate "2020.03.07"]
[EventType "swiss (blitz)"]
[EventRounds "9"]
[EventCountry "GER"]
[SourceTitle "CBM 195 Extra"]
[Source "ChessBase"]
[SourceDate "2020.05.31"]
[SourceVersion "1"]
[SourceVersionDate "2020.05.31"]
[SourceQuality "1"]

1. d4 d5 2. c4 c6 3. Nc3 Nf6 4. Nf3 e6 5. Bg5 Be7 6. Bxf6 Bxf6 7. e3 0-0 8. Be2 Nd7 9. 0-0 dxc4 10. Bxc4 c5 11. Bd3 b6 12. Qc2 h6 13. Rfd1 Qc7 14. Nb5 Qc6 15. a4 Bb7 16. Be4 Qxe4 17. Qxe4 Bxe4 18. Nd2 Bb7 19. Nd6 Bd5 20. e4 Bc6 21. e5 Be7 22. N6c4 cxd4 23. Nf3 Bxf3 24. gxf3 Bc5 25. Rab1 a5 26. Kg2 Rab8 27. f4 Rfc8 28. Nd6 Rc6 29. Nb5 Nf8 30. Nxd4 Bxd4 31. Rxd4 Ng6 32. Kg3 h5 33. h4 Rbc8 34. Rbd1 Rc2 35. Rd8+ Rxd8 36. Rxd8+ Kh7 37. Rd7 Rxb2 38. Rxf7 Rb3+ 39. f3 Rb4 40. Rb7 Rxa4 41. Rxb6 Rxf4 42. Rxe6 Rf5 43. Ra6 Rxe5 44. f4 Re3+ 45. Kf2 Ra3 46. f5 Ne5 47. f6 gxf6 48. Rxf6 Ng4+ 0-1

[Event "GER-chT U20 Girls"]
[Site "Duesseldorf"]
[Date "2017.12.27"]
[Round "1.3"]
[White "Hartewig, Anja"]
[Black "Moeller, Hannah Sophie"]
[Result "1-0"]
[WhiteElo "1717"]
[BlackElo "1595"]
[PlyCount "121"]
[EventDate "2017.12.26"]
[EventType "team-swiss"]
[EventRounds "7"]
[EventCountry "GER"]
[SourceTitle "CBM 182 Extra"]
[Source "ChessBase"]
[SourceDate "2018.02.23"]
[SourceVersion "1"]
[SourceVersionDate "2018.02.23"]
[SourceQuality "1"]
[WhiteTeam "Leipzig SG"]
[BlackTeam "Lingen"]
[WhiteTeamCountry "GER"]
[BlackTeamCountry "GER"]

1. d4 Nf6 2. c4 g6 3. Nf3 Bg7 4. g3 0-0 5. Bg2 d6 6. 0-0 a6 7. Nc3 Nc6 8. e4 Rb8 9. Qe2 b5 10. d5 Na5 11. e5 dxe5 12. Nxe5 Bd7 13. Re1 Nxc4 14. Nxc4 bxc4 15. Qxc4 Bb5 16. Qc5 Qd6 17. Qe3 Rfe8 18. Qf3 Bc4 19. Bf4 Qd7 20. Rab1 e6 21. dxe6 Rxe6 22. b3 Rxe1+ 23. Rxe1 Be6 24. Ne4 Nxe4 25. Qxe4 a5 26. Qc2 Rc8 27. Rd1 Qe7 28. Qc6 Qa3 29. Qc2 a4 30. bxa4 Qxa2 31. Qxa2 Bxa2 32. a5 c6 33. a6 Bf8 34. Rd7 Be6 35. Rc7 Rxc7 36. Bxc7 Bc8 37. a7 Bb7 38. Kf1 Bc5 39. Bb8 Kf8 40. Ke2 Ke8 41. f4 f5 42. Kf3 Bg1 43. Bf1 c5+ 44. Ke2 c4 45. Kd2 Bxh2 46. Bxc4 Bxg3 47. Ba6 Ba8 48. Ke3 Bh4 49. Kd4 Bf2+ 50. Ke5 Kd8 51. Kf6 Bd4+ 52. Kg5 Bg7 53. Be5 Bxe5 54. fxe5 Ke7 55. Kf4 h5 56. Be2 g5+ 57. Kxg5 h4 58. Kxh4 Ke6 59. Kg3 Kxe5 60. Bf3 f4+ 61. Kf2 1-0

[Event "BL2 Ost 1718 (Women)"]
[Site "Germany"]
[Date "2017.10.14"]
[Round "1.2"]
[White "Hartewig, Anja"]
[Black "Giebel, Christine"]
[Result "0-1"]
[WhiteElo "1779"]
[BlackElo "1852"]
[PlyCount "76"]
[EventDate "2017.10.14"]
[EventType "team-tourn"]
[EventRounds "7"]
[EventCountry "GER"]
[SourceTitle "EXT 2019"]
[Source "ChessBase"]
[SourceDate "2018.10.10"]
[SourceVersion "1"]
[SourceVersionDate "2018.10.10"]
[SourceQuality "1"]
[WhiteTeam "Chemnitz Aufbau (W)"]
[BlackTeam "Loeberitz (W)"]
[WhiteTeamCountry "GER"]
[BlackTeamCountry "GER"]

1. d4 Nf6 2. c4 e5 3. dxe5 Ng4 4. Nf3 Bc5 5. e3 Nc6 6. Nc3 Ngxe5 7. Be2 d6 8. 0-0 0-0 9. a3 a5 10. Qc2 Be6 11. Na4 Ba7 12. c5 Qe7 13. cxd6 cxd6 14. Rd1 Rac8 15. Qd2 Bb3 16. Nc3 Nxf3+ 17. Bxf3 Bxd1 18. Qxd1 Ne5 19. Be4 Rc5 20. Qb3 Qh4 21. h3 Rxc3 22. Qxc3 Qxe4 23. Qxa5 Bb8 24. b3 Nd3 25. Bd2 Qe5 26. Bc3 Qxa5 27. Bxa5 Rc8 28. Rd1 Rc1 29. Rxc1 Nxc1 30. b4 b5 31. Kf1 Kf8 32. Ke1 Nd3+ 33. Ke2 Ne5 34. f4 Nc4 35. Kd3 Ke7 36. Kd4 Ba7+ 37. Kd5 Kd7 38. e4 Ne3# 0-1

[Event "GER-chT U20 Girls"]
[Site "Osnabrueck"]
[Date "2015.12.29"]
[Round "6.2"]
[White "Hartewig, Anja"]
[Black "Kluge, Leyla"]
[Result "1-0"]
[WhiteElo "1741"]
[BlackElo "1663"]
[PlyCount "147"]
[EventDate "2015.12.27"]
[EventType "team-swiss"]
[EventRounds "7"]
[EventCountry "GER"]
[SourceTitle "EXT 2017"]
[Source "ChessBase"]
[SourceDate "2016.10.25"]
[SourceVersion "1"]
[SourceVersionDate "2016.10.25"]
[SourceQuality "1"]
[WhiteTeam "Chemnitz Aufbau"]
[BlackTeam "Chemnitz USG"]
[WhiteTeamCountry "GER"]
[BlackTeamCountry "GER"]

1. d4 f5 2. Nc3 Nf6 3. Bg5 d5 4. Bxf6 exf6 5. e3 c6 6. Bd3 Bd6 7. Qh5+ g6 8. Qf3 Be6 9. Nge2 Qe7 10. h4 Nd7 11. h5 0-0-0 12. 0-0-0 Rhg8 13. Nf4 Bxf4 14. Qxf4 Nb6 15. hxg6 hxg6 16. Rh6 Qg7 17. Rdh1 g5 18. Qf3 f4 19. exf4 gxf4 20. Qxf4 Qxg2 21. Qxf6 Rde8 22. R6h2 Qg4 23. f3 Qg3 24. Ne2 Qd6 25. f4 Nd7 26. Qh6 Qe7 27. f5 Bf7 28. Qf4 Nf6 29. Ng3 Rg4 30. Qf2 Qd6 31. Ne2 Rgg8 32. Rg2 Ng4 33. Qf4 Qxf4+ 34. Nxf4 Ne3 35. Rxg8 Rxg8 36. Re1 Ng4 37. Rg1 Nf2 38. Rxg8+ Bxg8 39. Be2 Ne4 40. Ng6 Kd8 41. c3 Bh7 42. Kc2 Bxg6 43. fxg6 Ke7 44. Kd3 Kf6 45. Bh5 Nd6 46. b3 Ne4 47. c4 Ng3 48. Bg4 Ne4 49. Bf3 Ng5 50. Bg2 dxc4+ 51. Kxc4 Kxg6 52. d5 cxd5+ 53. Bxd5 Nf7 54. Kc5 Nd8 55. Kd6 Kf6 56. Kc7 Ke7 57. Bxb7 Ne6+ 58. Kb8 a5 59. Ka7 Kd6 60. Kb6 Nc5 61. Bc6 Ne6 62. Ba4 Nc5 63. Kxa5 Kc7 64. b4 Nd3 65. b5 Kb8 66. Bc2 Nc1 67. a4 Na2 68. Kb6 Nc3 69. Bb3 Ka8 70. Ka6 Kb8 71. b6 Nxa4 72. Bxa4 Ka8 73. Bc6+ Kb8 74. Bh1 1-0

[Event "GER-chT U20 Girls"]
[Site "Osnabrueck"]
[Date "2015.12.27"]
[Round "1.2"]
[White "Hartewig, Anja"]
[Black "Lederer, Leia"]
[Result "1/2-1/2"]
[WhiteElo "1741"]
[BlackElo "1541"]
[PlyCount "60"]
[EventDate "2015.12.27"]
[EventType "team-swiss"]
[EventRounds "7"]
[EventCountry "GER"]
[SourceTitle "EXT 2017"]
[Source "ChessBase"]
[SourceDate "2016.10.25"]
[SourceVersion "1"]
[SourceVersionDate "2016.10.25"]
[SourceQuality "1"]
[WhiteTeam "Chemnitz Aufbau"]
[BlackTeam "Stuttgart Wolfbusch"]
[WhiteTeamCountry "GER"]
[BlackTeamCountry "GER"]

1. d4 Nf6 2. c4 c5 3. d5 b5 4. cxb5 a6 5. bxa6 g6 6. Nc3 Bxa6 7. Nf3 d6 8. g3 Bg7 9. Bg2 0-0 10. 0-0 Nbd7 11. Rb1 Qa5 12. Bg5 Rfb8 13. Re1 Bc4 14. a3 Nb6 15. e4 Na4 16. Nxa4 Qxa4 17. Qxa4 Rxa4 18. b4 cxb4 19. Rxb4 Rbxb4 20. axb4 Rxb4 21. Nd2 Bd3 22. Re3 Bb1 23. Ra3 h6 24. Ra8+ Kh7 25. Bxf6 Bxf6 26. Ra3 Bc2 27. Ra2 Bd3 28. Ra3 Bc2 29. Ra2 Bd3 30. Ra3 Bc2 1/2-1/2

[Event "BL2 Sued 1516 (Women)"]
[Site "Germany"]
[Date "2015.12.05"]
[Round "3.3"]
[White "Hartewig, Anja"]
[Black "Henschel, Anke"]
[Result "0-1"]
[WhiteElo "1722"]
[BlackElo "2005"]
[PlyCount "164"]
[EventDate "2015.09.26"]
[EventType "team-tourn"]
[EventRounds "7"]
[EventCountry "GER"]
[SourceTitle "EXT 2017"]
[Source "ChessBase"]
[SourceDate "2016.10.25"]
[SourceVersion "1"]
[SourceVersionDate "2016.10.25"]
[SourceQuality "1"]
[WhiteTeam "Chemnitz Aufbau (W)"]
[BlackTeam "Wadgassen/Differten (W)"]
[WhiteTeamCountry "GER"]
[BlackTeamCountry "GER"]

1. d4 Nf6 2. c4 c5 3. d5 b5 4. cxb5 a6 5. bxa6 Bxa6 6. Nc3 d6 7. Nf3 Nbd7 8. g3 g6 9. Bg2 Bg7 10. 0-0 0-0 11. Rb1 Qc7 12. Bg5 Rfb8 13. Qd2 Nb6 14. b3 Qa7 15. Rfe1 c4 16. e4 Ng4 17. Nd4 Ne5 18. Bf4 Nbd7 19. Be3 Qc7 20. Nc6 Re8 21. Nxe5 Nxe5 22. Bd4 Nd3 23. Bxg7 Nxe1 24. Bd4 Nxg2 25. Kxg2 f6 26. f4 cxb3 27. axb3 Bc8 28. b4 Rb8 29. b5 Bb7 30. b6 Qc4 31. Nb5 Rec8 32. Nc7 Ba6 33. Rc1 Qe2+ 34. Qxe2 Bxe2 35. Kf2 Bg4 36. Ra1 Rb7 37. Ra7 Rcb8 38. Ra1 Kf7 39. Ra6 Rc8 40. Ra2 Rcb8 41. Ra6 h5 42. Be3 Bc8 43. Bd4 Bd7 44. Kg2 Rc8 45. Ra7 Rcxc7 46. bxc7 Rb4 47. Be3 Rxe4 48. Kf3 Rc4 49. Kf2 Rc2+ 50. Kg1 Bh3 51. Rb7 Rg2+ 52. Kh1 Re2 53. Bb6 Rc2 54. Be3 Bg2+ 55. Kg1 Bxd5 56. Ra7 Be6 57. Bb6 Bh3 58. Ra8 d5 59. Rd8 Rc6 60. Ba5 Rc5 61. Bb6 Rb5 62. Bd4 Rb1+ 63. Kf2 Rc1 64. Bb6 Be6 65. Bd4 Rxc7 66. Rb8 Bf5 67. Rb5 Rc2+ 68. Kg1 Be4 69. Rb2 Rxb2 70. Bxb2 Ke6 71. Kf2 Kf5 72. h3 e5 73. fxe5 fxe5 74. g4+ hxg4 75. hxg4+ Kf4 76. g5 d4 77. Bc1+ Kg4 78. Ke2 Bf5 79. Kf2 Bd3 80. Ke1 Kf3 81. Kd2 Bc4 82. Bb2 Kf4 0-1

[Event "GER-chT U20 Girls"]
[Site "Naumburg Saale"]
[Date "2014.12.27"]
[Round "2.3"]
[White "Boehm, Jana"]
[Black "Hartewig, Anja"]
[Result "1-0"]
[WhiteElo "1886"]
[BlackElo "1649"]
[PlyCount "101"]
[EventDate "2014.12.27"]
[EventType "team-swiss"]
[EventRounds "7"]
[EventCountry "GER"]
[SourceTitle "EXT 2016"]
[Source "ChessBase"]
[SourceDate "2015.10.08"]
[SourceVersion "1"]
[SourceVersionDate "2015.10.08"]
[SourceQuality "1"]
[WhiteTeam "Lehrte"]
[BlackTeam "Chemnitz Aufbau"]
[WhiteTeamCountry "GER"]
[BlackTeamCountry "GER"]

1. e4 d6 2. d4 Nf6 3. Nc3 g6 4. Be3 Bg7 5. f3 c6 6. Qd2 0-0 7. 0-0-0 b5 8. g4 a5 9. Bh6 a4 10. h4 b4 11. Nce2 b3 12. cxb3 axb3 13. a3 Qa5 14. Nc3 Ba6 15. Bxg7 Kxg7 16. h5 Rh8 17. hxg6 fxg6 18. Qh6+ Kf7 19. Nh3 Bxf1 20. Rhxf1 Na6 21. Rfe1 Nb4 22. axb4 Qa1+ 23. Nb1 Ra2 24. Ng5+ Ke8 25. Qh2 Ra4 26. Rd3 Rxb4 27. Qd2 Rb7 28. Ree3 Rb5 29. Rxb3 Kd7 30. Rxb5 cxb5 31. Ra3 Rc8+ 32. Qc2 Rxc2+ 33. Kxc2 Qxa3 34. bxa3 h5 35. gxh5 Nxh5 36. Nc3 Kc6 37. Kb3 Nf4 38. Kb4 Nd3+ 39. Ka5 e5 40. d5+ Kc5 41. Nxb5 Nb2 42. Nf7 Nc4+ 43. Ka6 Nd2 44. Nbxd6 Nxf3 45. Nb7+ Kd4 46. d6 g5 47. d7 g4 48. d8Q+ Kxe4 49. Nc5+ Kf4 50. Qf6+ Ke3 51. Nxe5 1-0

[Event "GER-ch U16 Girls"]
[Site "Oberhof"]
[Date "2013.05.25"]
[Round "9"]
[White "Schaefer, Annabelle"]
[Black "Hartewig, Anja"]
[Result "1-0"]
[WhiteElo "1957"]
[BlackElo "1809"]
[PlyCount "81"]
[EventDate "2013.05.19"]
[EventType "swiss"]
[EventRounds "9"]
[EventCountry "GER"]
[SourceTitle "CBM 154 Extra"]
[Source "ChessBase"]
[SourceDate "2013.06.25"]
[SourceVersion "2"]
[SourceVersionDate "2013.06.25"]
[SourceQuality "1"]

1. e4 d6 2. d4 Nf6 3. Nc3 g6 4. f4 Bg7 5. Nf3 c5 6. dxc5 Qa5 7. Qd4 dxc5 8. Qc4 0-0 9. e5 Be6 10. Qb5 Qxb5 11. Bxb5 Nd5 12. Nxd5 Bxd5 13. Be3 a6 14. Be2 Nd7 15. Rd1 Bc6 16. 0-0 Rfd8 17. c3 b5 18. Rd2 Rac8 19. Rfd1 Re8 20. Rxd7 Bxd7 21. Rxd7 Bf8 22. Ra7 Rc6 23. Nd2 e6 24. Bf3 Rb6 25. Ne4 Rc8 26. Nf6+ Kg7 27. Nd7 Rbb8 28. Nxb8 Rxb8 29. Rxa6 b4 30. c4 Rc8 31. Ra8 Rc7 32. a4 Rd7 33. Rxf8 Kxf8 34. Bxc5+ Kg8 35. Bd6 Ra7 36. Bc6 Ra6 37. Bb5 Ra8 38. c5 Rc8 39. c6 Ra8 40. c7 Rc8 41. Bd7 1-0